| 000 | 00985ctm a2200289 i 4500 | ||
|---|---|---|---|
| 999 |
_c49969 _d49969 |
||
| 001 | 49969 | ||
| 003 | Mx-PuUPA | ||
| 005 | 20200324120227.0 | ||
| 008 | 140415s20022003sp a r 001 0 spa|d | ||
| 020 | _a8497321561 | ||
| 040 |
_aMx-PuUPA _bspa _cMx-PuUPA _dMx-PuUPA _erda |
||
| 041 | 0 | _aspa | |
| 100 | 1 |
_aEscudero Serrano, María José, _910725 _eautor |
|
| 245 | 1 | 0 |
_aGestión de aprovisionamiento / _cMa. José Escudero Serrano |
| 246 | 1 | 3 |
_aAdministración y finanzas : _bgestión de aprovisionamiento |
| 250 | _a1a. edición | ||
| 264 | 4 |
_aMadrid, España : _bInternational Thomson Editores, _c©2002 |
|
| 300 |
_aviii, 266 páginas : _bilustraciones ; _c30 cm |
||
| 336 |
_2rdacontent _atexto _btxt |
||
| 337 |
_2rdamedia _asin medio _bn |
||
| 338 |
_2rdacarrier _avolumen _bnc |
||
| 490 | 0 | _aAdministración y finanzas | |
| 650 | 4 |
_aAbastecimiento de alimentos _xAlmacenes |
|
| 942 |
_2ddc _cLI _h658.7 _iE742 |
||